000 00860nam a2200289 i 4500
001 bg
100 1 _aSińczak, Jan.
245 1 0 _aLeksykon kuźnictwa i metaloplastyki /
_cJan Sińczak, Aneta Łukaszek-Sołek, Krzysztof Sołek.
260 _aKraków :
_bWydawnictwo Naukowe "Akapit",
_c2007.
300 _a384 s. :
_bil. ;
_c25 cm.
504 _aBibliogr. s. 375-384.
650 9 _aKuźnictwo
650 9 _aMetaloplastyka
655 _aEncyklopedie
700 1 _aŁukaszek-Sołek, Aneta.
700 1 _aSołek, Krzysztof.
015 _aPB 13111/2008
020 _a9788389541888
040 _cBPK
041 _apol
044 _aPOL
080 _a621.73:739](03)
920 _a978-83-89541-88-8
942 _cKS
008 080513s2007 pl a d |000 0 pol
999 _c56010
_d56010
856 _uhttp://koha.tu.koszalin.pl/cgi-bin/koha/opac-detail.pl?biblionumber=56010
_yKatalog online BPK